000 00995nam1a22002291i 4500
001 rc\2823307
005 20240726061836.0
035 _a(NLR Aleph) 006981657
090 _a5537591
_c5537591
100 _a20110623d1929 |||y0rusy50 ca
101 0 _arus
102 _aRU
105 _ay z |||||
200 1 _aВ помощь партучебе
_eОрган АППО ЦК и МК ВКП(б) и Главполитпросвета
_iСоц. рационализация
210 _a[Москва]
_cжурн. "В помощь партучебе"
_d[1929]
215 _d27 см
225 1 _a13 серия пособий для слушателей марксистско-ленинских кружков, вечерних совпартшкол, заочников губсовпартшкол и для кружков самообразования
300 _aБез тит. л. и обл.
801 0 _aRU
_bNLR
_gpsbo
801 1 _aRU
_bELAR
_2rusmarc
852 _aNLR
_j65-7/2648
942 _cBOOK